000 00482cam a2200193ua 4500
001 9474
005 20260515114454.0
008 150930n ii |||gr||||Z||||||asm
040 _cMAIN
041 _aasm
082 _a327.11
100 _aGogoi, Purandar,
_eAuthor.
245 1 _aAntahrastriya samparka aru rajniti
_cby Purandar Gogoi
250 _a3rd ed.
260 _aGuwahati:
_bJyoty prakashan,
_c1995.
300 _a600p.
653 _aInternational relations
942 _cBK
999 _c8514
_d8514